Compendio de cooperativas /

Guardado en:
Autor Principal: Kaplan De Drimer, Alicia
Formato: Libro
Publicado: Argentina : Intercoop, 1985
Edición:2a. ed.
Materias:
Etiquetas: Agregar Etiqueta
Sin Etiquetas, Sea el primero en etiquetar este registro!
LEADER 00793nam a22002415a 4500
001 CEM.cems003548
005 19000101000000.0
008 130507s1985##################000#0#####d
003 CEMS
082 0 4 |a 334 
100 1 |a Kaplan De Drimer, Alicia 
245 1 0 |a Compendio de cooperativas / 
250 |a 2a. ed. 
260 |a Argentina :  |b Intercoop,  |c 1985 
300 |a 147 p. 
505 0 |a y fiscalizan las cooperativas; Organizacion y administracion de las cooperativas 
653 |a Cooperativas 
653 |a Cooperativas-administracion 
653 |a Cooperativas-desarrollo 
653 |a Cooperativas-legislacion 
653 |a Cooperativas-organizacion 
859 |a CEMS  |b BIB. CEMS - 11 de abril  |h 334  |i K141a2  |p 14278.86  |t Ej.1 
859 |a CEMS  |b BIB. CEMS - 11 de abril  |h 334  |i K141a2  |p 15409.89  |t Ej.2